000
00205 a2200097 4500
001
41700
100
_a
Garrett J
245
_a
How to photography people
260
_a
_b
Collins
_c
090
_c
25827
_d
25827
942
_a
NUST-CAE
_c
M
_c
17588
999
_c
276773
_d
276773